000 00309 a2200145 4500
001 194885
040 _cMagnum
100 _aMORAL, Silvia
240 1 0 _aAs princesas bailarinas
_lpor
245 1 0 _aAs princesas bailarinas
300 _a16
362 0 _a2021
697 _aLITERATURA INFANTIL
942 _cBK
999 _c194885
_d194885